Propuesta de actualización de un manual de calidad bajo la adecuación de las normas ISO 9001:2008 en las áreas de servicio al cliente, compras y recursos humanos de la empresa Callejas Sequeira e Hijos S.A

Presenta la actualización de los procesos de la empresa, actualización del manual de calidad de Callejas Sequeira e Hijos S.A, de tal manera que cumpla con los requisitos de la norma ISO 9001:2008 en las áreas de servicio al cliente, recursos humanos y compras.

Bibliographic Details
Main Authors: Sibaja Taleno, Ligia del Socorro, Cuarezma González, Scarleth Carolina
Other Authors: Tutor: Morgan Espinoza, Ramon Alberto
Format: Tesis Section = Libro
Language:Undetermined
Spanish
Published: Managua UNI 2011
Subjects:
LEADER 01226nam a2200253Ia 4500
008 240830s9999 xx 000 0 und d
040 |a BIBLIOTECA-RUPAP Mon 658.5 S563 
041 |a spa 
082 |a Mon 658.5 S563 
100 1 |a Sibaja Taleno, Ligia del Socorro 
100 1 |b Cuarezma González, Scarleth Carolina 
245 1 0 |a Propuesta de actualización de un manual de calidad bajo la adecuación de las normas ISO 9001:2008 en las áreas de servicio al cliente, compras y recursos humanos de la empresa Callejas Sequeira e Hijos S.A 
260 |a Managua  |b UNI  |c 2011 
300 |a 310 p. :il. 
500 |a Contiene: anexos e Incluye: CD. 
502 |a Tesis (Ingeniero Industrial)- UNI, 2011. 
520 3 |a Presenta la actualización de los procesos de la empresa, actualización del manual de calidad de Callejas Sequeira e Hijos S.A, de tal manera que cumpla con los requisitos de la norma ISO 9001:2008 en las áreas de servicio al cliente, recursos humanos y compras. 
650 7 |a ADMINISTRACIÓN DE LA PRODUCCIÓN - JALEAS 
650 7 |b ADMINISTRACIÓN INDUSTRIAL 
650 7 |c CONTROL DE CALIDAD. 
700 1 |a Tutor:  |b Morgan Espinoza, Ramon Alberto 
942 |c BK  |2 ddc 
991 |a TESIS 
999 |c 17457